000 01472cab a2200277 4500
001 ABS55557
008 090401t1996 xxu||||| |||| 00| 0 eng d
035 _a(Sirsi) u17305
041 _aeng
245 _aSwann v White and others
260 _c1996
350 _a0
490 _aEstates Gazette
_v[1996] 26 EG 136-138(3)
520 _aLT 14 November 1995. W were the lessees of property owned by S. Following notices served by W under the Leasehold Reform Act 1967 claiming to acquire the freeholds to the properties, the Leasehold valuation tribunal determined the price of each property to be £350. S appealed contending the price should be £525. W supported the LVT`s decision and did not call any expert evidence to support the decision. S contended that in the absence of expert evidence from W, the tribunal must accept the evidence of the freeholder. "Decision" the appeal decision in "London and Winchester Properties Ltd" did not state that the landlord`s evidence must be accepted if unchallenged. The tribunal was entitled to set the purchase prices.
650 _aDETERMINATION OF PRICE
650 _aEXPERT EVIDENCE
650 _aFREEHOLD PURCHASE
650 _aFREEHOLD
650 _aLEASEHOLD ENFRANCHISEMENT
650 _aLEASEHOLD REFORM ACT 1967 S9(1)
650 _aLEASEHOLD REFORM ACT 1967
650 _aSWANN V WHITE AND OTHERS
690 _aLANDLORD AND TENANT-CASE LAW-LEASEHOLD REFORM
942 _n0
948 _c04/03/1997
999 _c11477
_d11477